Albania : Selected Issues and Statistical Appendix.

This Selected Issues paper and Statistical Appendix paper examines the issue of dollarization in Albania against the background of rapidly evolving banking, policy and prudential systems, and of growing importance of monetary policy as a tool for demand management. The period covered is 1998-the imm...

Celý popis

Podrobná bibliografie
Korporativní autor: International Monetary Fund
Médium: Časopis
Jazyk:English
Vydáno: Washington, D.C. : International Monetary Fund, 2005.
Edice:IMF Staff Country Reports; Country Report ; No. 2005/090
On-line přístup:Full text available on IMF
LEADER 01642cas a2200241 a 4500
001 AALejournalIMF022848
008 230101c9999 xx r poo 0 0eng d
020 |c 20.00 USD 
020 |z 9781451800814 
022 |a 1934-7685 
040 |a BD-DhAAL  |c BD-DhAAL 
110 2 |a International Monetary Fund. 
245 1 0 |a Albania :   |b Selected Issues and Statistical Appendix. 
264 1 |a Washington, D.C. :  |b International Monetary Fund,  |c 2005. 
300 |a 1 online resource (79 pages) 
490 1 |a IMF Staff Country Reports 
500 |a <strong>Off-Campus Access:</strong> No User ID or Password Required 
500 |a <strong>On-Campus Access:</strong> No User ID or Password Required 
506 |a Electronic access restricted to authorized BRAC University faculty, staff and students 
520 3 |a This Selected Issues paper and Statistical Appendix paper examines the issue of dollarization in Albania against the background of rapidly evolving banking, policy and prudential systems, and of growing importance of monetary policy as a tool for demand management. The period covered is 1998-the immediate aftermath of the pyramid scheme collapse-to the present, which is a period of impressive, though gradual, transformation rather than of abrupt structural changes. The paper also analyzes the poverty situation in Albania, and discusses the poverty alleviation mechanisms that have worked. 
538 |a Mode of access: Internet 
830 0 |a IMF Staff Country Reports; Country Report ;  |v No. 2005/090 
856 4 0 |z Full text available on IMF  |u https://elibrary.imf.org/openurl?genre=journal&issn=1934-7685&volume=2005&issue=090  |z IMF e-Library